Lo schermo impuro : il cinema pornografico dalla clandestinità alle luci rosse /

Gespeichert in:
Bibliographische Detailangaben
1. Verfasser: Salotti, Marco (Verfasst von)
Format: Buch
Sprache:Italienisch
Veröffentlicht: Montepulciano : Editori del Grifo, 1982
Schriftenreihe:Fotogramma ; 2
Schlagworte:
Tags: Tag hinzufügen
Keine Tags, Fügen Sie das erste Tag hinzu!

MARC

LEADER 00000nam a2200000 i 4500
001 IT\ICCU\CFI\0046389
003 ItRI
005 20260115232348.0
008 871211s1982 it |||||| ||||| |||||c
015 |2 IT  |a 88-2637 
020 |a 8885282016 
040 |b ita  |c importazione bologna sebina 
041 7 |a ita  |2 ISO-639-2 
082 |a 791.4309093538  |9 CINEMA. Su specifici soggetti. Soggetti erotici  |2 19 
100 1 |a Salotti, Marco  |0 IT\ICCU\CFIV\029648  |4 aut 
245 1 3 |a Lo schermo impuro :  |b il cinema pornografico dalla clandestinità alle luci rosse /  |c Marco Salotti. 
260 |a Montepulciano :  |b Editori del Grifo,  |c 1982 
300 |a 173 p. :  |b ill. ;  |c 22 cm. 
650 7 |a Pornografia nel cinematografo  |2 scbi 
830 0 |a Fotogramma ;  |v 2  |0 IT\ICCU\CFI\0037829 
942 |2 ddc  |c BK  |n 0 
952 |0 0  |1 0  |4 0  |6 DOC_791_436000000000000_SAL  |7 0  |9 24815  |a BO  |b BO  |d 2026-01-15  |i 1965  |l 0  |o DOC 791.436 SAL  |p BO1965  |r 2026-01-15 23:23:48  |w 2026-01-15  |x [Sebina 5] [1 v.]  |y BK  |z 1 v. 
999 |c 21091  |d 21091